Central Library OPAC University of Rajshahi

7th Five Year Plan : (Record no. 74296)

MARC details
000 -LEADER
fixed length control field 01401nam a2200289 a 4500
001 - CONTROL NUMBER
control field 74296
003 - CONTROL NUMBER IDENTIFIER
rucl marc code BD-RjUL
005 - DATE AND TIME OF LATEST TRANSACTION
control field 20211209082531.0
008 - FIXED-LENGTH DATA ELEMENTS--GENERAL INFORMATION
fixed length control field 180531s2017 bg ab bs f001 0 eng
020 ## - INTERNATIONAL STANDARD BOOK NUMBER
International Standard Book Number 978984330891 (set)
035 ## - SYSTEM CONTROL NUMBER
System control number (BD-RjUL)74514
040 ## - CATALOGING SOURCE
Original cataloging agency BD-RjUL
Language of cataloging eng
Transcribing agency BD-RjUL
Modifying agency BD-RjUL
041 ## - LANGUAGE CODE
Language code of text/sound track or separate title eng
082 ## - DEWEY DECIMAL CLASSIFICATION NUMBER
Edition number 23
Classification number 338.95492
Author mark and year SEV 2017
245 #1 - TITLE STATEMENT
Title 7th Five Year Plan :
Remainder of title FY2015/16 -FY 2019/20 : accelerating growth, empowering citizens : background papers /
Statement of responsibility, etc. editor, Dr. Shamsul Alam.
246 ## - VARYING FORM OF TITLE
Title proper/short title Seventh Five Year Plan
260 ## - PUBLICATION, DISTRIBUTION, ETC. (IMPRINT)
Place of publication, distribution, etc. Dhaka, Bangladesh :
Name of publisher, distributor, etc. Genral Economics Division, Planning Commission, Ministry of Planning, Government of the People's Republic of Bangladesh,
Date of publication, distribution, etc. June 2017.
300 ## - PHYSICAL DESCRIPTION
Pagination V. :
Illustrations color illustrations, color maps ;
Size 24 cm
500 ## - GENERAL NOTE
General note Includes statistical tables.
504 ## - BIBLIOGRAPHY, ETC. NOTE
Bibliography, etc Includes bibliographical references and index.
505 0# - FORMATTED CONTENTS NOTE
Formatted contents note v. 1 : Macroeconomic Management & Poverty Issues -- v. 2 : Socio-economic Issues -- v. 3 : Infrastructure, Manufacturing & Service Sector -- v. 4 : Agriculture, Water & Climate Change -- v. 5 Governance, Gender & Urban Development.
651 ## - SUBJECT ADDED ENTRY--GEOGRAPHIC NAME
Geographic name Bangladesh
General subdivision Economic policy.
9 (RLIN) 221537
Geographic name Bangladesh
General subdivision Appropriations and expenditures.
9 (RLIN) 221538
700 1# - ADDED ENTRY--PERSONAL NAME
Personal name Alam, Shamsul
710 1# - ADDED ENTRY--CORPORATE NAME
Corporate name or jurisdiction name as entry element Bangladesh
Subordinate unit Planning Commission
-- General Economics Division,
9 (RLIN) 221540
942 ## - ADDED ENTRY ELEMENTS (KOHA)
Source of classification or shelving scheme Dewey Decimal Classification
Koha item type Reference
Holdings
Lost status Source of classification or shelving scheme Damaged status Not for loan Collection code Permanent Location Current Location Shelving location Date acquired Source of acquisition Cost, normal purchase price Total Checkouts Full call number Date last seen Copy number Koha item type
  Dewey Decimal Classification   Not For Loan Non-fiction Central Library, University of Rajshahi Central Library, University of Rajshahi Reading Room 18/04/2018 General Economic Division, Dhaka 0.00   338.95492 SEV V-1 2017 31/05/2018 C-1 Reference
  Dewey Decimal Classification   Not For Loan Non-fiction Central Library, University of Rajshahi Central Library, University of Rajshahi Reading Room 18/04/2018 General Economic Division, Dhaka 0.00   338.95492 SEV V-2 2017 31/05/2018 C-1 Reference
  Dewey Decimal Classification   Not For Loan Non-fiction Central Library, University of Rajshahi Central Library, University of Rajshahi Reading Room 18/04/2018 General Economic Division, Dhaka 0.00   338.95492 SEV V-3 2017 31/05/2018 C-1 Reference
  Dewey Decimal Classification   Not For Loan Non-fiction Central Library, University of Rajshahi Central Library, University of Rajshahi Reading Room 18/04/2018 General Economic Division, Dhaka 0.00   338.95492 SEV V-4 2017 31/05/2018 C-1 Reference
  Dewey Decimal Classification   Not For Loan Non-fiction Central Library, University of Rajshahi Central Library, University of Rajshahi Reading Room 18/04/2018 General Economic Division, Dhaka 0.00   338.95492 SEV V-5 2017 31/05/2018 C-1 Reference